00633nam a22002177a 450000500170000001000130001702000100003003500130004003700160005304000120006908200110008110000190009224500780011126000440018927000500023330000200028349000470030365000200035065000270037070000180039720170124110124.0 aA-285759 c00.00 aA-285759 bCen Lib/Ret aDPLbEN aNbSIN aSinha, Mridula aSobs that bloom :cby Mridula Sinha; translated by R. K. Sinhaba novel / bVikas Publishing HouseaNew Delhic1986 bNew Delhia5, Ansari Road, Darya Ganje110002 a131p. c22m(Hb) aVikas library of modern Indian writingv33 aEnglish fiction aIndic fiction(English) aSinha, R. K.